Madness : a bipolar life / by Marya Hornbacher.
Available copies
- 2 of 2 copies available at LARL/NWRL Consortium.
- 2 of 2 copies available at Lake Agassiz Regional Library. (Show preferred library)
Current holds
0 current holds with 2 total copies.
View other formats and editions
Show Only Available Copies
| Location | Call Number / Copy Notes | Barcode | Shelving Location | Status | Due Date |
|---|---|---|---|---|---|
| Crookston Public Library | CD TALKING BOOK 921 HOR (Text) | 33500013347893 | Main | Available | - |
| Moorhead Public Library | CD TALKING BOOK 921 HOR (Text) | 33500013347901 | Main | Available | - |
Record details
- ISBN: 9780358297017
- ISBN: 9781433212352
- ISBN: 1433212358
- Physical Description: 8 audio discs (approximately 570 min.) : digital ; ... Read More
- Edition: [CD edition].
- Publisher: [Ashland, Or.] : Blackstone Audio, [2008]
- Copyright: ℗2008
Content descriptions
| General Note: | Compact discs. Unabridged. Digital recording. |
| Participant or Performer Note: | Read by Tavia Gilbert. |
| Summary, etc.: | When Marya Hornbacher published her first book, ... Read More |
Search for related items by subject
| Genre: | Biographies. Talking books. Talking books. |
| LDR | 02799cim a2200529Ma 4500 | ||
|---|---|---|---|
| 001 | 360299 | ||
| 003 | LARL_NWRL_CONSORTIUM | ||
| 005 | 20210222210957.0 | ||
| 008 | 080421t20082008orunnnn a n eng d | ||
| 007 | sd fungnn|m|ed | ||
| 040 | . | ‡aCMI ‡beng ‡cCMI ‡dOCLCO ‡dOCLCF ‡dOCL | |
| 020 | . | ‡a9780358297017 | |
| 020 | . | ‡a9781433212352 | |
| 020 | . | ‡a1433212358 | |
| 028 | 0 | 2. | ‡a9780358297017 |
| 028 | 0 | 2. | ‡aZ4648 ‡bBlackstone Audio |
| 035 | . | ‡a(OCoLC)1144611727 | |
| 037 | . | ‡bBlackstone Audiobooks ‡nhttp://www.blackstoneaudio.com | |
| 043 | . | ‡an-us--- | |
| 082 | 0 | 4. | ‡a616.89/50092 ‡aB ‡222 |
| 100 | 1 | . | ‡aHornbacher, Marya, ‡d1974- ‡0(LARL_NWRL_CONSORTIUM)10371 |
| 245 | 1 | 0. | ‡aMadness : ‡ba bipolar life / ‡cby Marya Hornbacher. |
| 250 | . | ‡a[CD edition]. | |
| 264 | 1. | ‡a[Ashland, Or.] : ‡bBlackstone Audio, ‡c[2008] | |
| 264 | 4. | ‡c℗2008 | |
| 300 | . | ‡a8 audio discs (approximately 570 min.) : ‡bdigital ; ‡c4 3/4 in. | |
| 336 | . | ‡aspoken word ‡bspw ‡2rdacontent | |
| 337 | . | ‡aaudio ‡bs ‡2rdamedia | |
| 338 | . | ‡aaudio disc ‡bsd ‡2rdacarrier | |
| 500 | . | ‡aCompact discs. | |
| 500 | . | ‡aUnabridged. | |
| 500 | . | ‡aDigital recording. | |
| 511 | 0 | . | ‡aRead by Tavia Gilbert. |
| 520 | . | ‡aWhen Marya Hornbacher published her first book, Wasted, she did not yet know the reason for her all-but-shattered young life. At age 24, Hornbacher was diagnosed with Type 1 rapid-cycle bipolar, the most severe form of bipolar disease there is. Here, in her trademark wry, self-revealing voice, Hornbacher tells her new story. She takes us inside her own desperate attempts to control violently careening mood swings by self-starvation, substance abuse, numbing sex, and self-mutilation. How Hornbacher fights her way up from a madness that all but destroys her, and what it is like to live in a difficult and sometimes beautiful life and marriage, is at the heart of this brave memoir. Millions of people in America struggle with a variety of disorders that may mask their true diagnosis of bipolar; also, Hornbacher's portrait of her own bipolar as early as age four will change the current debate on whether bipolar exists in children. | |
| 600 | 1 | 0. | ‡aHornbacher, Marya, ‡d1974- ‡xMental health. |
| 650 | 0. | ‡aManic-depressive persons ‡zUnited States ‡vBiography. ‡0(LARL_NWRL_CONSORTIUM)173179 | |
| 650 | 0. | ‡aManic-depressive illness. ‡0(LARL_NWRL_CONSORTIUM)25037 | |
| 600 | 1 | 7. | ‡aHornbacher, Marya, ‡d1974- ‡2fast ‡0(LARL_NWRL_CONSORTIUM)10371 |
| 650 | 7. | ‡aManic-depressive illness. ‡2fast ‡0(LARL_NWRL_CONSORTIUM)25037 | |
| 650 | 7. | ‡aManic-depressive persons. ‡2fast ‡0(LARL_NWRL_CONSORTIUM)40669 | |
| 650 | 7. | ‡aMental health. ‡2fast ‡0(LARL_NWRL_CONSORTIUM)25512 | |
| 651 | 7. | ‡aUnited States. ‡2fast ‡0(LARL_NWRL_CONSORTIUM)54625 | |
| 655 | 7. | ‡aBiographies. ‡2fast | |
| 655 | 7. | ‡aTalking books. ‡2fast ‡0(LARL_NWRL_CONSORTIUM)175802 | |
| 655 | 7. | ‡aTalking books. ‡2lcgft ‡0(LARL_NWRL_CONSORTIUM)175802 | |
| 700 | 1 | . | ‡aGilbert, Tavia. |
| 901 | . | ‡a360299 ‡b ‡c360299 ‡tbiblio | |

Add to basket
Permalink
Disable Highlighting